Statistics for Top 12 Minnesota Timberwolves of All-Time

Click here to take the quiz!

General Stats

  • This quiz has been taken 31 times
  • The average score is 5 of 12

Answer Stats

# Player Win Shares % Correct
1Kevin Garnett139.8
97%
2Karl-Anthony Towns50.4
90%
3Kevin Love47.0
87%
7Ricky Rubio23.2
53%
4Wally Szczerbiak41.0
27%
T9Tom Gugliotta19.0
27%
8Terrell Brandon23.1
23%
T9Christian Laettner19.0
20%
12Joe Smith17.6
20%
5Sam Mitchell32.9
17%
11Nikola Pekovic18.8
17%
6Gorgui Dieng24.4
10%

Score Distribution

Percentile by Number Answered

Percent of People with Each Score

Your Score History

You have not taken this quiz